Normal view
MARC view
- تاليف باسيلي، رزق
Entry Personal Name
001 - CONTROL NUMBER
- control field: 8364
003 - CONTROL NUMBER IDENTIFIER
- control field: JO-AjAnu
005 - DATE AND TIME OF LATEST TRANSACTION
- control field: 20230606071641.0
008 - FIXED-LENGTH DATA ELEMENTS
- fixed length control field: 230606|| aca||aabn | a|a d
040 ## - CATALOGING SOURCE
- Original cataloging agency: JO-AjAnu
- Transcribing agency: JO-AjAnu
100 ## - HEADING--PERSONAL NAME
- Personal name: تاليف باسيلي، رزق
670 ## - SOURCE DATA FOUND
- Source citation: Work cat.: (JO-AjAnu)4318: تاليف باسيلي، رزق , author, هندسة النقل الكهربائي ج1 باستخدام التيار المستمر